00770 a2200169 45000010006000000050017000060080041000230030015000640400040000790800093001192450031002122640033002433000019002765050263002950410008005581000034005666226520260407155916.0260407a1973 arg spa dAR-UNSa-BCEJYS aAR-UNSa-BCEJYSbspacAR-UNSa-BCEJYS a35.076xDeberes y competencias de los organismos públicos (Responsabilidad del estado)10aResponsabilidad del estado 1aBuenos Aires :bAstreac1973 a191 p.c20 cm. a1. El Estado - 2. Indemnización y responsabilidad - 3. Responsabilidad del Estado según sus funciones - 4. Responsabilidad del Estado por los hechos y actos de guerra, motines y revoluciones - 5. Responsabilidad del Estado por planes de urbanización -  aspa1 aAltamira Gigena, Julio Isidro